Saans ki bemarian aur Elaj-e-Nabvi (Urdu) (Record no. 13437)

000 -LEADER
fixed length control field 00356nam a22001457a 4500
020 ## - INTERNATIONAL STANDARD BOOK NUMBER
International Standard Book Number -
082 ## - DEWEY DECIMAL CLASSIFICATION NUMBER
Classification number 615.5 KHA
100 ## - MAIN ENTRY--PERSONAL NAME
Personal name Khalid, Ghaznavi Dr.
245 ## - TITLE STATEMENT
Title Saans ki bemarian aur Elaj-e-Nabvi (Urdu)
260 ## - PUBLICATION, DISTRIBUTION, ETC.
Place of publication, distribution, etc. Lahore
Name of publisher, distributor, etc. Al Faisal Publisher
Date of publication, distribution, etc. 2002
300 ## - PHYSICAL DESCRIPTION
Extent 382 p.
500 ## - GENERAL NOTE
General note Includes index
650 ## - SUBJECT ADDED ENTRY--TOPICAL TERM
Topical term or geographic name entry element bemarian aur nabi (PBUH)
942 ## - ADDED ENTRY ELEMENTS (KOHA)
Koha item type Book
Holdings
Withdrawn status Lost status Damaged status Not for loan Collection code Permanent Location Current Location Shelving location Date acquired Source of acquisition Total Checkouts Full call number Barcode Date last seen Date last checked out Price effective from Koha item type
          Central Library (CL) Central Library (CL) General Stacks 12/12/2015 Donation 1 615.5 KHA SEECSD01194 04/04/2016 12/23/2015 12/15/2015 Book
© 2023 Central Library, National University of Sciences and Technology. All Rights Reserved.